[Event "Brasilia Abertura op"]
[Site "Brasilia"]
[Date "2014.02.23"]
[Round "4"]
[White "Facchin Filho, Fernando"]
[Black "Santos, Samuel Silva"]
[Result "1-0"]
[WhiteElo "1820"]
[BlackElo "1718"]
[PlyCount "67"]
[EventDate "2014.02.21"]
[EventType "swiss"]
[EventRounds "5"]
[EventCountry "BRA"]
[SourceTitle "CBM 159 Extra"]
[Source "ChessBase"]
[SourceDate "2014.04.24"]
[SourceVersion "1"]
[SourceVersionDate "2014.04.24"]
[SourceQuality "1"]

1. e4 c5 2. Nf3 Nc6 3. d4 cxd4 4. Nxd4 e5 5. Nb5 Nf6 6. N1c3 Be7 7. Nd6+ Bxd6 8. Qxd6 Nd4 9. Qxe5+ Ne6 10. Nd5 Nxd5 11. exd5 0-0 12. dxe6 dxe6 13. Bd3 Bd7 14. 0-0 a6 15. Qh5 g6 16. Qe5 f6 17. Qd6 Qe8 18. Bh6 Rf7 19. Rad1 Rd8 20. Bc4 Re7 21. Rfe1 Rc8 22. Bb3 Rc6 23. Qb4 Bc8 24. Qf4 f5 25. Bg5 Rd7 26. Rxd7 Qxd7 27. c3 Rd6 28. h4 Rd2 29. h5 Rxb2 30. Bxe6+ Kf8 31. Bxd7 Bxd7 32. Qd6+ Kg8 33. Bh6 Rc2 34. Qf8# 1-0